Keanu Reeves Movies - Sudden Death - Statistics

General Stats
  • This quiz has been taken 683 times
  • The average score is 8 of 36
Answers on the Grid
Answers color-coded by a green-red scale on the quiz's grid according to % correct below.
John Wick
Ballerina: From the World of John Wick
Toy Story 4
Always Be My Maybe
Sonic the Hedgehog 3
DC League of Super-Pets
Replicas
Knock Knock
The SpongeBob Movie: Sponge on the Run
Between Two Ferns: The Movie
Siveria
Destination Wedding
The Whole Truth
Keanu
The Bad Batch
47 Ronin
Man of Tai Chi
The Day the Earth Stood Still
A Scanner Darkly
The Lake House
Constantine
Something's Gotta Give
The Animatrix
Hardball
The Gift
The Replacements
The Devil's Advocate
Chain Reaction
Johnny Mnemonic
Little Buddha
Even Cowgirls Get the Blues
Much Ado About Nothing
Dracula
My Own Private Idaho
Point Break (1991)
Parenthood
Sonic the Hedgehog 2
Speed 2: Cruise Control
Point Break (2015)
Toy Story 2
Nobody
Atomic Blonde
Back to the Future Part II
Ocean's Eleven
Batman and Robin
Teen Titans GO! To the Movies
Popstar: Never Stop Never Stopping
Zoolander
Fast and Furious Presents: Hobbs and Shaw
Bullet Train
Love Hurts
The Lost City
Deadpool 2
Shrek the Third
Megamind
Monsters vs. Aliens
Shark Tale
Pinocchio
Hitchcock
Psycho (1998)
 
Answer Stats
Answer % Correct
John Wick
73%
Constantine
55%
Point Break (1991)
51%
The Devil's Advocate
49%
47 Ronin
40%
Johnny Mnemonic
40%
Ballerina: From the World of John Wick
38%
My Own Private Idaho
35%
Dracula
32%
The Lake House
30%
The Day the Earth Stood Still
29%
Knock Knock
25%
The Replacements
25%
Chain Reaction
23%
Keanu
23%
Much Ado About Nothing
23%
Toy Story 4
22%
A Scanner Darkly
19%
Hardball
17%
Little Buddha
17%
The SpongeBob Movie: Sponge on the Run
17%
Something's Gotta Give
16%
Sonic the Hedgehog 3
16%
Parenthood
15%
DC League of Super-Pets
13%
Destination Wedding
12%
The Gift
12%
Always Be My Maybe
11%
Between Two Ferns: The Movie
11%
Man of Tai Chi
11%
Replicas
11%
The Animatrix
11%
Even Cowgirls Get the Blues
8%
The Bad Batch
7%
Siveria
5%
The Whole Truth
5%
No matching quizzes found
Score Distribution
Percent of People with Each Score
Percentile by Number Answered
Your Score History
You have not taken this quiz